Liste des noms de Pokémon contenant un X - Statistiques

Statistiques générales
  • Ce quiz a été pris 47 fois
  • Le résultat moyen est 16 sur 41
Statistiques - réponses
Pokémon % Correct
Xerneas
95%
Xatu
90%
Axoloto
80%
Excelangue
60%
Hexagel
55%
Ixon
55%
Rexillius
55%
Aéroptéryx
45%
Cizayox
45%
Exagide
45%
Goupix
45%
Lixy
45%
Luxio
45%
Luxray
45%
Embrylex
40%
Excavarenne
40%
Farfurex
40%
Hexadron
40%
Kangourex
40%
Pyrax
40%
Steelix
40%
Trioxhydre
40%
Coxy
35%
Coxyclaque
35%
Gambex
35%
Onix
35%
Ténéfix
35%
Deoxys
30%
Kraknoix
30%
Miasmax
30%
Mistigrix
30%
Skelénox
30%
Mélancolux
25%
Toxizap
25%
Goinfrex
20%
Ronflex
20%
Tritox
20%
Capidextre
15%
Coatox
15%
Papinox
15%
Chaffreux
10%
Aucun quiz correspondant
Distribution des résultats
% des personnes avec chaque résultat
Percentile par nombre de réponses
Votre historique - résultats
Vous n’avez pas pris ce quiz